000 00632nam a2200229Ia 4500
003 OSt
005 20220928101548.0
006 a|||||r|||| 00| 0
007 ta
008 220927b |||||||| |||| 00| 0 eng d
024 _a61651
037 _cTextual
040 _aSDCL
_cSDCL
_beng
041 _2eng
_aeng
082 _aO152,3N7:g(Y), L9
100 _aGarg Bahru Lal
_9391655
245 0 _aSawantraoutar hindi kahani main samageak parivartan.
260 _aAllahabad
_bChitralakha
_c1979
300 _a174
_ccm.
942 _hO152,3N7:g(Y), L9
_cTEXL
_2CC
999 _c707504
_d707504